[Event "GER-chT U20"]
[Site "Muenster"]
[Date "2022.12.28"]
[Round "4"]
[White "Prieb, Robert"]
[Black "Strassburg, Robin Leonard"]
[Result "1-0"]
[WhiteElo "2114"]
[BlackElo "1781"]
[PlyCount "49"]
[EventDate "2022.12.26"]
[EventType "team-swiss"]
[EventRounds "7"]
[EventCountry "GER"]
[SourceTitle "CBM 212 Extra"]
[Source "ChessBase"]
[SourceDate "2023.03.31"]
[SourceVersion "1"]
[SourceVersionDate "2023.03.31"]
[SourceQuality "1"]
[WhiteTeam "Bochum SG"]
[BlackTeam "Barnim Schachfreunde"]
[WhiteTeamCountry "GER"]
[BlackTeamCountry "GER"]

1. d4 d5 2. c4 e6 3. Nf3 c6 4. Qc2 Nf6 5. e3 Bd6 6. Nc3 Nbd7 7. g4 dxc4 8. Bxc4 b5 9. Bd3 Bb7 10. g5 Nd5 11. Nxd5 exd5 12. Bxh7 Nb6 13. Bd3 Qe7 14. h4 a6 15. h5 c5 16. h6 gxh6 17. Rxh6 Rxh6 18. gxh6 c4 19. Bf5 Nd7 20. Bd2 0-0-0 21. 0-0-0 Kb8 22. Rg1 Nf6 23. Rg7 b4 24. h7 Qf8 25. Rg8 1-0

[Event "DSOL 04 Liga Final 1st"]
[Site "Playchess.com INT"]
[Date "2020.08.28"]
[Round "1.2"]
[White "Strassburg, Robin Leonard"]
[Black "Hilbig, Dieter"]
[Result "1-0"]
[WhiteElo "1828"]
[BlackElo "1773"]
[PlyCount "87"]
[EventDate "2020.06.22"]
[EventType "team-k.o. (rapid)"]
[EventCountry "GER"]
[SourceTitle "EXT 2021"]
[Source "ChessBase"]
[SourceDate "2020.10.23"]
[SourceVersion "1"]
[SourceVersionDate "2020.10.23"]
[SourceQuality "1"]
[WhiteTeam "Berlin Nord Ost"]
[BlackTeam "Gera II"]
[WhiteTeamCountry "GER"]
[BlackTeamCountry "GER"]

1. d4 d5 2. Bf4 Nf6 3. e3 e6 4. Nd2 c5 5. c3 Nc6 6. Ngf3 Be7 7. h3 0-0 8. Bd3 b6 9. Qe2 c4 10. Bc2 Bb7 11. e4 dxe4 12. Nxe4 b5 13. 0-0 Nh5 14. Bh2 g6 15. Rfe1 Re8 16. Rad1 Nf6 17. Ne5 Qc8 18. Nxf6+ Bxf6 19. Nxc6 Bxc6 20. Be4 Bd5 21. Qf3 Bg7 22. Bxd5 exd5 23. Qxd5 a6 24. Qf3 Ra7 25. Re4 f5 26. Re3 Rae7 27. Rde1 Qd7 28. Rxe7 Rxe7 29. Rxe7 Qxe7 30. Qd5+ Kh8 31. Qa8+ Bf8 32. Be5+ Kg8 33. Qxa6 Qe8 34. Qf6 h5 35. d5 Qe7 36. Qxg6+ Bg7 37. Qxg7+ Qxg7 38. Bxg7 Kxg7 39. f4 Kf6 40. Kf2 Ke7 41. Ke3 Kd6 42. Kd4 h4 43. b3 cxb3 44. axb3 1-0

[Event "Gorzow Wielkopolski Lasker Memorial 2nd"]
[Site "Gorzow Wielkopolski"]
[Date "2018.07.04"]
[Round "3"]
[White "Tiarks, Jann Christian"]
[Black "Strassburg, Robin Leonard"]
[Result "1-0"]
[WhiteElo "2179"]
[BlackElo "1726"]
[PlyCount "51"]
[EventDate "2018.07.02"]
[EventType "swiss"]
[EventRounds "7"]
[EventCountry "POL"]
[SourceTitle "CBM 185 Extra"]
[Source "ChessBase"]
[SourceDate "2018.07.29"]
[SourceVersion "1"]
[SourceVersionDate "2018.07.29"]
[SourceQuality "1"]

1. e4 g6 2. d4 Bg7 3. Nc3 d6 4. Be3 Nd7 5. Qd2 e5 6. Nge2 exd4 7. Nxd4 h6 8. 0-0-0 Ngf6 9. f3 Nb6 10. g4 Bd7 11. Kb1 Qe7 12. Ndb5 Bc6 13. Rg1 Nc8 14. h4 a6 15. Nd4 Nd7 16. h5 g5 17. Nf5 Qf8 18. f4 f6 19. Bc4 Ne7 20. Nd4 Nb6 21. Bb3 Nec8 22. Rge1 Na7 23. Ne6 Qe7 24. Nd5 Nxd5 25. exd5 Bd7 26. Bxa7 1-0

[Event "Gorzow Wielkopolski Lasker Memorial 2nd"]
[Site "Gorzow Wielkopolski"]
[Date "2018.07.02"]
[Round "1"]
[White "Sanz Wawer, Daniel"]
[Black "Strassburg, Robin Leonard"]
[Result "1-0"]
[WhiteElo "2233"]
[BlackElo "1726"]
[PlyCount "37"]
[EventDate "2018.07.02"]
[EventType "swiss"]
[EventRounds "7"]
[EventCountry "POL"]
[SourceTitle "CBM 185 Extra"]
[Source "ChessBase"]
[SourceDate "2018.07.29"]
[SourceVersion "1"]
[SourceVersionDate "2018.07.29"]
[SourceQuality "1"]

1. e4 d5 2. exd5 Qxd5 3. Nc3 Qa5 4. d4 c6 5. Nf3 Nf6 6. Bc4 Bf5 7. 0-0 e6 8. Ne5 Be7 9. Qe2 h6 10. Re1 Qd8 11. g4 Bh7 12. Nxf7 Kxf7 13. Qxe6+ Ke8 14. Qf7+ Kd7 15. Be6+ Kc7 16. Bf4+ Kb6 17. Na4+ Ka5 18. Nc5 Kb6 19. Re3 1-0

[Event "GER-ch U25-B"]
[Site "Willingen"]
[Date "2018.05.26"]
[Round "9"]
[White "Plum, Paul"]
[Black "Strassburg, Robin Leonard"]
[Result "0-1"]
[WhiteElo "1673"]
[BlackElo "1639"]
[PlyCount "104"]
[EventDate "2018.05.19"]
[EventType "swiss"]
[EventRounds "9"]
[EventCountry "GER"]
[SourceTitle "CBM 184 Extra"]
[Source "ChessBase"]
[SourceDate "2018.06.28"]
[SourceVersion "1"]
[SourceVersionDate "2018.06.28"]
[SourceQuality "1"]

1. c4 e5 2. g3 Nc6 3. Bg2 g6 4. Nc3 Bg7 5. e3 Nge7 6. Nge2 d6 7. a3 f5 8. b4 e4 9. Nf4 0-0 10. Bb2 Ne5 11. 0-0 g5 12. d4 gxf4 13. dxe5 f3 14. Bh3 Bxe5 15. Re1 Be6 16. Bf1 Ng6 17. Rb1 h5 18. Nd5 h4 19. Bxe5 Nxe5 20. Nf4 Bf7 21. Bh3 Qg5 22. c5 Rfd8 23. Qd4 Ng6 24. Red1 hxg3 25. fxg3 dxc5 26. Qxc5 Rxd1+ 27. Rxd1 Nxf4 28. exf4 Qh5 29. Rd7 Qxh3 30. Qf2 Re8 31. Rd1 Bh5 32. Qa2+ Kf8 33. Qb2 f2+ 34. Qxf2 Bxd1 35. Qc5+ Re7 36. Qd5 Qh5 37. Qd8+ Qe8 38. Qxd1 e3 39. Qa1 Qf7 40. Qh8+ Qg8 41. Qf6+ Ke8 42. Qxf5 Qe6 43. Qb5+ Qc6 44. Qh5+ Kd8 45. Qh8+ Re8 46. Qh4+ Kc8 47. Qg4+ Kb8 48. Qe2 Qc1+ 49. Kg2 Qxa3 50. Qh5 Qa4 51. b5 Qc2+ 52. Kh3 Qe4 0-1

[Event "GER-ch U25-B"]
[Site "Willingen"]
[Date "2018.05.25"]
[Round "8"]
[White "Strassburg, Robin Leonard"]
[Black "Lilienthal, Niels Bennett"]
[Result "1/2-1/2"]
[WhiteElo "1639"]
[BlackElo "1694"]
[PlyCount "41"]
[EventDate "2018.05.19"]
[EventType "swiss"]
[EventRounds "9"]
[EventCountry "GER"]
[SourceTitle "CBM 184 Extra"]
[Source "ChessBase"]
[SourceDate "2018.06.28"]
[SourceVersion "1"]
[SourceVersionDate "2018.06.28"]
[SourceQuality "1"]

1. e4 d5 2. exd5 Nf6 3. Nc3 Nxd5 4. Bc4 e6 5. d4 Be7 6. Nf3 Nc6 7. 0-0 0-0 8. Bd3 a6 9. Nxd5 exd5 10. c3 Bg4 11. h3 Bh5 12. Bf4 Bg6 13. Ne5 Nxe5 14. Bxe5 c6 15. Qc2 Bxd3 16. Qxd3 Bd6 17. Bxd6 Qxd6 18. Rfe1 Rfe8 19. Re3 Re6 20. Rae1 Rae8 21. g3 1/2-1/2

[Event "EU Union-ch U14"]
[Site "Kouty nad Desnou"]
[Date "2016.08.09"]
[Round "4"]
[White "Strassburg, Robin Leonard"]
[Black "Vanduyfhuys, Daria"]
[Result "1-0"]
[WhiteElo "1819"]
[BlackElo "1778"]
[PlyCount "45"]
[EventDate "2016.08.06"]
[EventType "swiss"]
[EventRounds "9"]
[EventCountry "CZE"]
[SourceTitle "CBM 174 Extra"]
[Source "ChessBase"]
[SourceDate "2016.10.10"]
[SourceVersion "1"]
[SourceVersionDate "2016.10.10"]
[SourceQuality "1"]

1. d4 d5 2. Nf3 Nf6 3. e3 e6 4. Bd3 c5 5. c3 Nc6 6. Nbd2 Bd6 7. 0-0 0-0 8. Qe2 Qc7 9. dxc5 Bxc5 10. e4 dxe4 11. Nxe4 Nxe4 12. Bxe4 f5 13. Bc2 Bd6 14. Bb3 Kh8 15. Re1 Re8 16. h3 h6 17. Nh4 Qf7 18. Be3 Na5 19. Ba4 Bd7 20. Bxd7 Qxd7 21. Qh5 Nc6 22. Rad1 Rad8 23. Bc5 1-0

[Event "EU Union-ch U14"]
[Site "Kouty nad Desnou"]
[Date "2016.08.08"]
[Round "3"]
[White "Dejmal, Ondrej"]
[Black "Strassburg, Robin Leonard"]
[Result "1/2-1/2"]
[WhiteElo "1600"]
[BlackElo "1819"]
[PlyCount "137"]
[EventDate "2016.08.06"]
[EventType "swiss"]
[EventRounds "9"]
[EventCountry "CZE"]
[SourceTitle "CBM 174 Extra"]
[Source "ChessBase"]
[SourceDate "2016.10.10"]
[SourceVersion "1"]
[SourceVersionDate "2016.10.10"]
[SourceQuality "1"]

1. e4 d5 2. exd5 Qxd5 3. Nc3 Qa5 4. Bc4 Nf6 5. d3 c6 6. Bd2 Qc7 7. Qe2 Bf5 8. 0-0-0 e6 9. f3 Nbd7 10. g4 Bg6 11. h4 h6 12. Nh3 0-0-0 13. Nf4 Bh7 14. Qg2 Bd6 15. Nce2 Nd5 16. Nh3 N7b6 17. Bb3 Bg6 18. f4 h5 19. Rdf1 hxg4 20. Qxg4 Bh5 21. Qg2 Bxe2 22. Qxe2 Rxh4 23. f5 exf5 24. Rxf5 Rdh8 25. Qf1 f6 26. Nf2 Rxh1 27. Nxh1 Qe7 28. Rf3 Rh2 29. Nf2 Bc5 30. Ne4 Bd4 31. a3 Be5 32. Rh3 Rxh3 33. Qxh3+ Kc7 34. Qg4 g5 35. Qf5 Nf4 36. Be3 Nbd5 37. Bf2 b6 38. Ba2 a6 39. Bb3 b5 40. Ba2 a5 41. Bb3 Qg7 42. Qg4 Qh6 43. Kb1 a4 44. Ba2 Qh1+ 45. Qg1 Qf3 46. Nd2 Qe2 47. Qe1 Qxe1+ 48. Bxe1 g4 49. b3 Nc3+ 50. Kb2 g3 51. Nf3 g2 52. Bxc3 Bxc3+ 53. Kxc3 Ne2+ 54. Kd2 g1Q 55. Nxg1 Nxg1 56. bxa4 bxa4 57. Ke3 Kd6 58. c3 Nh3 59. d4 Ng5 60. c4 c5 61. Bb1 cxd4+ 62. Kxd4 Ne6+ 63. Kc3 Kc5 64. Bc2 Nd4 65. Bxa4 f5 66. Bd1 f4 67. Kd3 f3 68. Ke3 Kxc4 69. Bxf3 1/2-1/2

[Event "GER-ch U25-B"]
[Site "Willingen"]
[Date "2016.05.18"]
[Round "6"]
[White "Zwecker, Conrad"]
[Black "Strassburg, Robin Leonard"]
[Result "1/2-1/2"]
[WhiteElo "1430"]
[BlackElo "1541"]
[PlyCount "64"]
[EventDate "2016.05.15"]
[EventType "swiss"]
[EventRounds "9"]
[EventCountry "GER"]
[SourceTitle "CBM 172 Extra"]
[Source "ChessBase"]
[SourceDate "2016.06.21"]
[SourceVersion "1"]
[SourceVersionDate "2016.06.21"]
[SourceQuality "1"]

1. e4 d5 2. exd5 Qxd5 3. Nc3 Qa5 4. d4 c6 5. Nf3 Nf6 6. Bc4 Bf5 7. Bd2 Qc7 8. Qe2 e6 9. d5 cxd5 10. Nxd5 Nxd5 11. Bxd5 Be7 12. Bb3 0-0 13. 0-0 Nd7 14. Rad1 Nf6 15. Rfe1 Rfd8 16. Bc3 Rxd1 17. Rxd1 Rd8 18. Ne5 Bd6 19. f3 Nd7 20. g4 Bg6 21. h4 Nxe5 22. Bxe5 h5 23. g5 Bxe5 24. Rxd8+ Qxd8 25. Qxe5 Qd1+ 26. Kf2 Bxc2 27. Qb8+ Kh7 28. Qxb7 Qd2+ 29. Kg3 Qe1+ 30. Kg2 Qe2+ 31. Kg3 Qe1+ 32. Kg2 Qe2+ 1/2-1/2

[Event "GER-ch U25-B"]
[Site "Willingen"]
[Date "2016.05.17"]
[Round "5"]
[White "Strassburg, Robin Leonard"]
[Black "Schilay, Maria"]
[Result "1-0"]
[WhiteElo "1541"]
[BlackElo "1372"]
[PlyCount "83"]
[EventDate "2016.05.15"]
[EventType "swiss"]
[EventRounds "9"]
[EventCountry "GER"]
[SourceTitle "CBM 172 Extra"]
[Source "ChessBase"]
[SourceDate "2016.06.21"]
[SourceVersion "1"]
[SourceVersionDate "2016.06.21"]
[SourceQuality "1"]

1. d4 Nf6 2. c4 g6 3. Nc3 Bg7 4. e4 d6 5. f3 Nbd7 6. Be3 e5 7. d5 b6 8. Bd3 Bb7 9. Nge2 Nc5 10. Bc2 Qd7 11. Qd2 Rd8 12. Bh6 Rg8 13. Bxg7 Rxg7 14. Qg5 Qe7 15. b4 Ncd7 16. h4 c6 17. Bb3 a6 18. a4 b5 19. cxb5 axb5 20. dxc6 Bxc6 21. a5 Ra8 22. Rc1 Ra6 23. Nxb5 Kd8 24. Na3 Bb7 25. Kf2 d5 26. Bxd5 Bxd5 27. exd5 Qxb4 28. Rc6 Rxc6 29. dxc6 Qc5+ 30. Qe3 Qxe3+ 31. Kxe3 Nb8 32. Rc1 Kc7 33. Nb5+ Kc8 34. c7 Nd5+ 35. Kf2 Nb4 36. Nd6+ Kd7 37. c8Q+ Kxd6 38. Qxb8+ Ke6 39. Qxb4 Rg8 40. Rc6+ Kd7 41. Qb7+ Kd8 42. Rc8# 1-0

[Event "GER-ch U25-B"]
[Site "Willingen"]
[Date "2016.05.15"]
[Round "2"]
[White "Ponomarev, Maximilian"]
[Black "Strassburg, Robin Leonard"]
[Result "1/2-1/2"]
[WhiteElo "1353"]
[BlackElo "1541"]
[PlyCount "72"]
[EventDate "2016.05.15"]
[EventType "swiss"]
[EventRounds "9"]
[EventCountry "GER"]
[SourceTitle "CBM 172 Extra"]
[Source "ChessBase"]
[SourceDate "2016.06.21"]
[SourceVersion "1"]
[SourceVersionDate "2016.06.21"]
[SourceQuality "1"]

1. e4 d5 2. exd5 Qxd5 3. Nc3 Qa5 4. d4 c6 5. Nf3 Nf6 6. Bd2 Qc7 7. Bc4 Bf5 8. Qc1 e6 9. Bf4 Bd6 10. Bxd6 Qxd6 11. h3 h6 12. Qd2 Nbd7 13. Bd3 Bxd3 14. Qxd3 Nd5 15. Nxd5 cxd5 16. c3 Nf6 17. Qb5+ Qd7 18. Qxd7+ Kxd7 19. Ne5+ Ke7 20. f3 Nd7 21. Nxd7 Kxd7 22. Kd2 a5 23. a4 Rhc8 24. Rac1 Rc6 25. Rc2 Raa6 26. b3 Rab6 27. Rb1 Rc4 28. Rbb2 Rc8 29. Kd3 f5 30. f4 g5 31. Rf2 Rg8 32. c4 g4 33. c5 Rb4 34. h4 g3 35. Rf3 h5 36. Kc3 Rg4 1/2-1/2

[Event "GER-ch U25-B"]
[Site "Willingen"]
[Date "2016.05.15"]
[Round "1"]
[White "Strassburg, Robin Leonard"]
[Black "Kobald, Pierre"]
[Result "1-0"]
[WhiteElo "1541"]
[BlackElo "1241"]
[PlyCount "57"]
[EventDate "2016.05.15"]
[EventType "swiss"]
[EventRounds "9"]
[EventCountry "GER"]
[SourceTitle "CBM 172 Extra"]
[Source "ChessBase"]
[SourceDate "2016.06.21"]
[SourceVersion "1"]
[SourceVersionDate "2016.06.21"]
[SourceQuality "1"]

1. d4 c5 2. e3 g6 3. Nf3 Bg7 4. Bd3 Nc6 5. c3 Nf6 6. Nbd2 0-0 7. 0-0 d6 8. Re1 Re8 9. Bc2 Bg4 10. h3 Be6 11. Nf1 Bd7 12. b3 e5 13. dxe5 Nxe5 14. Nxe5 Rxe5 15. Bb2 Qc8 16. Kh2 Qc6 17. Qd2 Rg5 18. f3 Rh5 19. Ng3 Rh4 20. Qf2 Re8 21. c4 Nh5 22. Bxg7 Kxg7 23. Ne4 g5 24. Nxg5 Rxh3+ 25. Nxh3 Rg8 26. Qh4 Nf6 27. Qg5+ Kf8 28. Qxf6 Bxh3 29. gxh3 1-0

[Event "GER-ch U25 op-B"]
[Site "Willingen"]
[Date "2015.05.26"]
[Round "4"]
[White "Strassburg, Robin Leonard"]
[Black "Blinov, Sergei"]
[Result "1-0"]
[WhiteElo "1028"]
[BlackElo "1242"]
[PlyCount "93"]
[EventDate "2015.05.24"]
[EventType "swiss"]
[EventRounds "9"]
[EventCountry "GER"]
[SourceTitle "CBM 166 Extra"]
[Source "ChessBase"]
[SourceDate "2015.06.18"]
[SourceVersion "1"]
[SourceVersionDate "2015.06.18"]
[SourceQuality "1"]

1. d4 d5 2. Nf3 Nf6 3. e3 g6 4. Bd3 Bg7 5. c3 0-0 6. Nbd2 Nc6 7. 0-0 Bd7 8. Re1 Re8 9. e4 e6 10. e5 Nh5 11. Nb3 b6 12. Be3 Ne7 13. Qd2 Ba4 14. g4 Nf6 15. exf6 Bxf6 16. Bg5 Bg7 17. Re2 Rc8 18. Rae1 c5 19. dxc5 bxc5 20. Bb1 c4 21. Nbd4 Qd7 22. h4 Nc6 23. Nxc6 Qxc6 24. Qe3 Qd7 25. h5 Rb8 26. h6 Bh8 27. Qf4 Kf8 28. Bf6 Bxf6 29. Qxf6 Qd8 30. Qg7+ Ke7 31. Rxe6+ Kd7 32. Qxf7+ Kc8 33. Rxe8 Bxe8 34. Rxe8 Qxe8 35. Qxe8+ Kc7 36. Qxb8+ Kxb8 37. Nd4 Kc7 38. f4 Kd6 39. f5 gxf5 40. Bxf5 Ke7 41. Bxh7 Kf7 42. Bf5 a5 43. h7 Kg7 44. Ne6+ Kh8 45. g5 d4 46. g6 dxc3 47. g7# 1-0

[Event "GER-ch U25 op-B"]
[Site "Willingen"]
[Date "2015.05.24"]
[Round "1"]
[White "Zimmer, Luca"]
[Black "Strassburg, Robin Leonard"]
[Result "1/2-1/2"]
[WhiteElo "1395"]
[BlackElo "1028"]
[PlyCount "67"]
[EventDate "2015.05.24"]
[EventType "swiss"]
[EventRounds "9"]
[EventCountry "GER"]
[SourceTitle "CBM 166 Extra"]
[Source "ChessBase"]
[SourceDate "2015.06.18"]
[SourceVersion "1"]
[SourceVersionDate "2015.06.18"]
[SourceQuality "1"]

1. e4 d5 2. exd5 Qxd5 3. Nc3 Qa5 4. d4 c6 5. Bc4 Nf6 6. Nge2 Qc7 7. Bf4 Qd8 8. 0-0 Bg4 9. f3 Bh5 10. d5 e6 11. d6 Nbd7 12. Re1 Nb6 13. Bb3 Nfd5 14. Ne4 Bg6 15. Bg3 f5 16. c4 Ne3 17. Qd3 fxe4 18. Qxe3 Qd7 19. c5 Nd5 20. Qd4 exf3 21. gxf3 0-0-0 22. Nf4 Nxf4 23. Bxf4 Bf5 24. Bc4 h6 25. h4 Rg8 26. Kf2 g5 27. hxg5 hxg5 28. Bg3 g4 29. f4 Bg7 30. Qd2 Bf6 31. Rh1 Qg7 32. Bd3 Bd4+ 33. Kg2 Bxd3 34. Qxd3 1/2-1/2

[Event "GER-chT North U12"]
[Site "Magdeburg"]
[Date "2014.09.14"]
[Round "7.2"]
[White "Strassburg, Robin Leonard"]
[Black "Schwank, Johann"]
[Result "0-1"]
[WhiteElo "1056"]
[BlackElo "1173"]
[PlyCount "84"]
[EventDate "2014.09.11"]
[EventType "team-swiss"]
[EventRounds "7"]
[EventCountry "GER"]
[SourceTitle "EXT 2016"]
[Source "ChessBase"]
[SourceDate "2015.10.08"]
[SourceVersion "1"]
[SourceVersionDate "2015.10.08"]
[SourceQuality "1"]
[WhiteTeam "Gross Schoenebeck"]
[BlackTeam "Hamburg Diogenes"]
[WhiteTeamCountry "GER"]
[BlackTeamCountry "GER"]

1. Nf3 Nc6 2. d4 d5 3. Nc3 Nf6 4. Bg5 h6 5. Bh4 g5 6. Bg3 Bf5 7. e3 e6 8. a3 Bd6 9. Bxd6 Qxd6 10. Be2 0-0-0 11. Qd2 Ne4 12. Nxe4 Bxe4 13. b4 f6 14. b5 Nb8 15. a4 h5 16. Bd3 Bxf3 17. gxf3 e5 18. dxe5 Qxe5 19. Qc1 Rhe8 20. Kf1 d4 21. exd4 Rxd4 22. a5 Re6 23. Qe1 Qxe1+ 24. Rxe1 Rxe1+ 25. Kxe1 Ra4 26. Kd2 Rxa5 27. Re1 c6 28. bxc6 Nxc6 29. Be4 Ne5 30. Rb1 b6 31. Ke2 Kc7 32. Rb3 Rc5 33. Ra3 a5 34. h3 Rc4 35. Ra1 a4 36. Bd3 Nxd3 37. Kxd3 b5 38. c3 Kc6 39. Ra3 Kc5 40. Ra1 Rh4 41. Rh1 g4 42. fxg4 hxg4 0-1

[Event "GER-chT North U12"]
[Site "Magdeburg"]
[Date "2014.09.12"]
[Round "3.2"]
[White "Rajendram, Reanosh"]
[Black "Strassburg, Robin Leonard"]
[Result "1-0"]
[WhiteElo "1322"]
[BlackElo "1056"]
[PlyCount "63"]
[EventDate "2014.09.11"]
[EventType "team-swiss"]
[EventRounds "7"]
[EventCountry "GER"]
[SourceTitle "EXT 2016"]
[Source "ChessBase"]
[SourceDate "2015.10.08"]
[SourceVersion "1"]
[SourceVersionDate "2015.10.08"]
[SourceQuality "1"]
[WhiteTeam "Aurich"]
[BlackTeam "Gross Schoenebeck"]
[WhiteTeamCountry "GER"]
[BlackTeamCountry "GER"]

1. e4 e5 2. Nf3 Nc6 3. Bc4 h6 4. c3 Nf6 5. 0-0 Be7 6. Re1 0-0 7. d4 d6 8. Bb3 Bg4 9. Qd3 Qd7 10. Nbd2 Rfe8 11. h3 Bh5 12. Ba4 Qd8 13. d5 Rb8 14. dxc6 bxc6 15. Bxc6 Rf8 16. Nf1 Nh7 17. N1h2 Ng5 18. Bxg5 Bxg5 19. Nxg5 Qxg5 20. b4 f5 21. exf5 Rxf5 22. g4 Rf6 23. Nf3 Rxf3 24. Qxf3 Bg6 25. Qe3 Qh4 26. Kg2 Rf8 27. Qxa7 h5 28. f3 Qf6 29. Qe3 Qe6 30. Rad1 Qxa2+ 31. Re2 Qc4 32. Bd5+ 1-0

[Event "GER-ch U10"]
[Site "Oberhof"]
[Date "2013.05.24"]
[Round "9"]
[White "Jaenecke, Maike"]
[Black "Strassburg, Robin Leonard"]
[Result "1/2-1/2"]
[WhiteElo "968"]
[BlackElo "911"]
[PlyCount "79"]
[EventDate "2013.05.19"]
[EventType "swiss"]
[EventRounds "11"]
[EventCountry "GER"]
[SourceTitle "CBM 154 Extra"]
[Source "ChessBase"]
[SourceDate "2013.06.25"]
[SourceVersion "2"]
[SourceVersionDate "2013.06.25"]
[SourceQuality "1"]

1. e4 e5 2. Nf3 Nc6 3. Bc4 Nf6 4. d3 Bc5 5. c3 d6 6. h3 h6 7. 0-0 0-0 8. Nbd2 Bd7 9. Re1 Re8 10. Nf1 Qe7 11. Ng3 Rad8 12. Bd2 Be6 13. Bb3 Qd7 14. Qc1 Bxh3 15. Kf1 Bg4 16. Bd1 Kf8 17. Be2 Qe6 18. Qd1 a6 19. Kg1 d5 20. exd5 Rxd5 21. c4 Rdd8 22. a3 Kg8 23. b4 Be7 24. b5 axb5 25. cxb5 Nd4 26. Nxd4 Rxd4 27. Bxg4 Nxg4 28. Bc3 Rdd8 29. f3 Qb6+ 30. Kf1 Ne3+ 31. Rxe3 Qxe3 32. Nf5 Qxd3+ 33. Qxd3 Rxd3 34. Bxe5 Bxa3 35. Rxa3 Rxa3 36. Bxc7 Rc8 37. Ne7+ Kf8 38. Nxc8 Ra1+ 39. Kf2 Rc1 40. b6 1/2-1/2

[Event "GER-ch U10"]
[Site "Oberhof"]
[Date "2013.05.24"]
[Round "10"]
[White "Strassburg, Robin Leonard"]
[Black "Gabriel, Benjamin"]
[Result "1/2-1/2"]
[WhiteElo "911"]
[BlackElo "920"]
[PlyCount "40"]
[EventDate "2013.05.19"]
[EventType "swiss"]
[EventRounds "11"]
[EventCountry "GER"]
[SourceTitle "CBM 154 Extra"]
[Source "ChessBase"]
[SourceDate "2013.06.25"]
[SourceVersion "2"]
[SourceVersionDate "2013.06.25"]
[SourceQuality "1"]

1. e4 e5 2. Nf3 Nc6 3. Bb5 Bc5 4. 0-0 Nf6 5. Nc3 d6 6. d3 h6 7. h3 0-0 8. Re1 a6 9. Bxc6 bxc6 10. Qe2 Re8 11. Be3 Bxe3 12. Qxe3 Be6 13. Rad1 c5 14. a3 Rb8 15. b3 c6 16. a4 Nd7 17. Rc1 f5 18. exf5 Bxf5 19. Ne2 d5 20. Ng3 Bg6 1/2-1/2

[Event "GER-ch U10"]
[Site "Oberhof"]
[Date "2013.05.23"]
[Round "8"]
[White "Strassburg, Robin Leonard"]
[Black "Mueller, Marvin"]
[Result "0-1"]
[WhiteElo "911"]
[BlackElo "774"]
[PlyCount "72"]
[EventDate "2013.05.19"]
[EventType "swiss"]
[EventRounds "11"]
[EventCountry "GER"]
[SourceTitle "CBM 154 Extra"]
[Source "ChessBase"]
[SourceDate "2013.06.25"]
[SourceVersion "2"]
[SourceVersionDate "2013.06.25"]
[SourceQuality "1"]

1. e4 e5 2. Nf3 Nc6 3. c3 Nf6 4. d4 exd4 5. cxd4 Nxe4 6. d5 Nb4 7. a3 Na6 8. Bxa6 bxa6 9. 0-0 Bc5 10. Re1 Bxf2+ 11. Kf1 Bxe1 12. Qxe1 Qe7 13. Ng5 Nxg5 14. Bxg5 Qxe1+ 15. Kxe1 0-0 16. Nc3 d6 17. Kf1 Re8 18. h3 h6 19. Bh4 g5 20. Bg3 Bf5 21. Rc1 g4 22. hxg4 Bxg4 23. Bf4 h5 24. Bg5 Kh7 25. Kg1 Kg6 26. Bh4 f5 27. Rf1 Rab8 28. b4 Re3 29. Nb1 Rbe8 30. Rc1 Rc8 31. Bf2 Re2 32. Bxa7 h4 33. Bf2 Kg5 34. Kh2 Rxf2 35. Re1 Bh5 36. Nd2 Re8 0-1

[Event "GER-ch U10"]
[Site "Oberhof"]
[Date "2013.05.19"]
[Round "1"]
[White "Strassburg, Robin Leonard"]
[Black "Huber, Benedikt"]
[Result "1/2-1/2"]
[WhiteElo "911"]
[BlackElo "1689"]
[PlyCount "74"]
[EventDate "2013.05.19"]
[EventType "swiss"]
[EventRounds "11"]
[EventCountry "GER"]
[SourceTitle "CBM 154 Extra"]
[Source "ChessBase"]
[SourceDate "2013.06.25"]
[SourceVersion "2"]
[SourceVersionDate "2013.06.25"]
[SourceQuality "1"]

1. d4 e6 2. Nc3 d5 3. Nf3 Nf6 4. a3 c5 5. Bg5 h6 6. Bh4 Nc6 7. e3 cxd4 8. exd4 Be7 9. Bb5 Qb6 10. Rb1 a6 11. Bxc6+ bxc6 12. 0-0 0-0 13. h3 g5 14. Bg3 Nd7 15. Re1 Bf6 16. Bd6 Rd8 17. Ne5 Nf8 18. Bc5 Qc7 19. Na4 Rb8 20. Qh5 Bg7 21. Ng4 Kh7 22. Ne5 f6 23. Nf7 Rd7 24. Bxf8 Bxf8 25. Nxg5+ fxg5 26. Rxe6 Rf7 27. Qg6+ Kh8 28. Rf6 Rxf6 29. Qxf6+ Bg7 30. Qg6 Bd7 31. Nc5 Rb6 32. b4 a5 33. c3 Bc8 34. Re1 Qf4 35. Re8+ Bf8 36. Rxc8 Qc1+ 37. Kh2 Qf4+ 1/2-1/2